[Event "Women's Speed Chess Q8"]
[Site "chess.com INT"]
[Date "2021.06.06"]
[Round "10"]
[White "Ouellet, Maili-Jade"]
[Black "Batsiashvili, Nino"]
[Result "0-1"]
[WhiteTitle "WGM"]
[BlackTitle "GM"]
[WhiteElo "2257"]
[BlackElo "2491"]
[WhiteFideId "2620472"]
[BlackFideId "13602993"]
[EventDate "2021.06.06"]

1. d4 f5 2. c4 Nf6 3. Nf3 g6 4. Nc3 Bg7 5. g3 O-O 6. Bg2 d6 7. O-O c6 8. d5 a5
9. Rb1 Bd7 10. Qc2 Na6 11. a3 Qe8 12. b4 axb4 13. axb4 h6 14. Rd1 g5 15. Qb3 c5
16. Ba3 cxb4 17. Bxb4 Nxb4 18. Qxb4 Qh5 19. Qxb7 f4 20. Qb3 Bh3 21. Bh1 Bf5 22.
Rbc1 Rfb8 23. Nb5 Ng4 24. Bg2 Rf8 25. Qb4 fxg3 26. hxg3 Be4 27. Nbd4 Ra2 28. Rd2
Bxd4 29. Rxa2 Rxf3 30. exf3 Qh2+ 31. Kf1 Bd3+ 32. Ke1 Qxg2 33. fxg4 Qe4+ 34. Kd2
Qe2# 0-1

[Event "Women's Speed Chess Q8"]
[Site "chess.com INT"]
[Date "2021.06.06"]
[Round "10"]
[White "Arpita, Mukherjee"]
[Black "Zaksaite, Salomeja"]
[Result "1-0"]
[WhiteTitle "WIM"]
[BlackTitle "WIM"]
[WhiteElo "2206"]
[BlackElo "2202"]
[WhiteFideId "5056403"]
[BlackFideId "12801496"]
[EventDate "2021.06.06"]

1. e4 c5 2. Nf3 e6 3. d4 cxd4 4. Nxd4 Nf6 5. Nc3 Nc6 6. Be2 Bb4 7. Nxc6 bxc6 8.
Qd3 a5 9. O-O Ba6 10. Qg3 Bxe2 11. Nxe2 Nxe4 12. Qxg7 Qf6 13. Qxf6 Nxf6 14. Bf4
Nd5 15. Be5 f6 16. Bg3 Rg8 17. c4 Ne7 18. a3 Bc5 19. Nc3 Nf5 20. Ne4 Bd4 21.
Rfd1 Bxb2 22. Rab1 Bxa3 23. Nxf6+ Ke7 24. Nxg8+ Rxg8 25. Rb7 Nd6 26. Bxd6+ Bxd6
27. c5 Bxc5 28. Rdxd7+ Kf6 29. Rf7+ Ke5 30. Rxh7 a4 31. Rbd7 Rb8 32. g4 a3 33.
Rh5+ Kf6 34. Rxc5 Rb1+ 35. Kg2 a2 36. Ra7 a1=Q 37. Rxa1 Rxa1 38. Rxc6 Kg5 39. h3
Re1 40. Rc5+ Kf6 41. f4 Re2+ 42. Kg3 Re1 43. Kh4 Rh1 44. g5+ Kg6 45. Re5 1-0

[Event "Women's Speed Chess Q8"]
[Site "chess.com INT"]
[Date "2021.06.06"]
[Round "10"]
[White "Petrova, Irina"]
[Black "Mohota, Nisha"]
[Result "1-0"]
[WhiteTitle "WIM"]
[BlackTitle "IM"]
[WhiteElo "2110"]
[BlackElo "2195"]
[WhiteFideId "14124122"]
[BlackFideId "5004330"]
[EventDate "2021.06.06"]

1. e4 e5 2. Bc4 Nf6 3. d4 exd4 4. Nf3 Nxe4 5. Qxd4 Nd6 6. Bb3 Nc6 7. Qg4 Qe7+ 8.
Be3 Ne4 9. Nbd2 Nxd2 10. Nxd2 d6 11. Qc4 Be6 12. Qb5 O-O-O 13. O-O g6 14. Rfe1
Bg7 15. Bxe6+ fxe6 16. Nc4 a6 17. Qa4 d5 18. Na5 Nxa5 19. Qxa5 Qd6 20. Rab1 e5
21. b4 d4 22. Bg5 Rdf8 23. b5 Rf5 24. Bh4 Rhf8 25. bxa6 Qxa6 26. Qb4 g5 27. Bg3
Qd6 28. Qxb7+ Kd7 29. Qb5+ Ke7 30. Rbd1 h5 31. h4 g4 32. Qc4 Rd8 33. a4 Kf8 34.
a5 Ra8 35. Ra1 Qa6 36. Qc5+ Kg8 37. Qd5+ Kh7 38. Qe4 Qg6 39. a6 Rff8 40. a7 1-0

[Event "Women's Speed Chess Q8"]
[Site "chess.com INT"]
[Date "2021.06.06"]
[Round "10"]
[White "Perez Rodriguez, Jennifer"]
[Black "Fominykh, Maria"]
[Result "0-1"]
[WhiteTitle "WIM"]
[BlackTitle "WGM"]
[WhiteElo "2251"]
[BlackElo "2206"]
[WhiteFideId "3507831"]
[BlackFideId "4142411"]
[EventDate "2021.06.06"]

1. e4 d6 2. d4 Nf6 3. Nc3 Nbd7 4. f4 e5 5. Nf3 exd4 6. Nxd4 Nc5 7. Qf3 c6 8. Be2
Qb6 9. Nb3 Bg4 10. Qe3 Nxb3 11. axb3 Qxe3 12. Bxe3 Bxe2 13. Kxe2 a6 14. Rhd1
O-O-O 15. Kf3 Be7 16. Rd2 h5 17. h3 h4 18. Rad1 Nd7 19. Na4 Kc7 20. c4 b5 21.
Nc3 Nb6 22. Bxb6+ Kxb6 23. Ne2 Kc5 24. Nd4 bxc4 25. bxc4 Rb8 26. Nf5 Bf6 27.
Nxd6 Bxb2 28. e5 f6 29. e6 Bc3 30. Rd3 Ba5 31. e7 Bc7 32. e8=Q Rhxe8 33. Nxe8
Rxe8 34. Rd7 Bb6 35. Rxg7 Kxc4 36. Rd6 Re3+ 37. Kg4 Rg3+ 38. Kf5 Rxg7 39. Rxc6+
Kb5 40. Rxf6 Rxg2 41. Rh6 a5 42. Ke6 Re2+ 43. Kd5 a4 44. f5 a3 45. f6 a2 46. f7
Rf2 0-1

[Event "Women's Speed Chess Q8"]
[Site "chess.com INT"]
[Date "2021.06.06"]
[Round "10"]
[White "Tsatsalashvili, Keti"]
[Black "Torres Hernandez, Leslie Carolin"]
[Result "1-0"]
[WhiteTitle "WGM"]
[BlackTitle "WFM"]
[WhiteElo "2331"]
[BlackElo "1884"]
[WhiteFideId "13603434"]
[BlackFideId "8400504"]
[EventDate "2021.06.06"]

1. Nf3 c6 2. d4 d5 3. c4 Nf6 4. e3 Bf5 5. Nbd2 Nbd7 6. Nh4 Bg6 7. Be2 e6 8. Nxg6
hxg6 9. h3 Bd6 10. Nf3 Ne4 11. Qc2 Rc8 12. c5 Bc7 13. b4 b6 14. Bb2 bxc5 15.
bxc5 Ba5+ 16. Kf1 g5 17. g4 Ndf6 18. Kg2 Bc7 19. Rab1 Bb8 20. Ba1 Qc7 21. Ne5
Nd7 22. Ba6 Rd8 23. Nxd7 Qxd7 24. Rb7 Bc7 25. f3 Nf6 26. Bc3 Rb8 27. Rhb1 Rxb7
28. Rxb7 Qd8 29. Qa4 O-O 30. Qxc6 Ba5 31. Bb2 Bd2 32. Rb3 Qa5 33. a3 Bxe3 34.
Rxe3 Qd2+ 35. Re2 Qf4 36. Qd6 e5 37. Qxe5 Nxg4 38. hxg4 1-0

[Event "Women's Speed Chess Q8"]
[Site "chess.com INT"]
[Date "2021.06.06"]
[Round "10"]
[White "Kashlinskaya, Alina"]
[Black "Vo, Thi Kim Phung"]
[Result "1-0"]
[WhiteTitle "IM"]
[BlackTitle "WGM"]
[WhiteElo "2494"]
[BlackElo "2335"]
[WhiteFideId "4198026"]
[BlackFideId "12401838"]
[EventDate "2021.06.06"]

1. d4 Nf6 2. c4 e6 3. Nc3 Bb4 4. e3 O-O 5. Bd3 Re8 6. Nf3 b6 7. O-O Bb7 8. a3
Bxc3 9. bxc3 d6 10. Qe2 Nbd7 11. e4 e5 12. Bg5 h6 13. Bh4 g5 14. Bg3 Qe7 15.
Rfe1 Kg7 16. Rab1 c5 17. Nd2 Rac8 18. Nf1 Nf8 19. Ne3 Kh7 20. Nf5 Qd7 21. h4 Ng6
22. hxg5 hxg5 23. Qf3 Rh8 24. Rbd1 Qe6 25. Bb1 Rcd8 26. Qe3 Nf4 27. dxe5 Qxe5
28. Rxd6 Rxd6 29. Nxd6 Ng4 30. Qf3 Bc8 31. Nxf7 Qe7 32. e5+ Kg7 33. Nxg5 Qxg5
34. Qxf4 Qxf4 35. Bxf4 Be6 36. Rd1 Nh6 37. Rd6 Re8 38. Bxh6+ Kxh6 39. Bf5 Kg5
40. Bxe6 Kf4 41. Bd5 Rxe5 42. g3+ Kg4 43. Kg2 1-0

[Event "Women's Speed Chess Q8"]
[Site "chess.com INT"]
[Date "2021.06.06"]
[Round "10"]
[White "Szente Varga, Fruzsina"]
[Black "February, Jesse Nikki"]
[Result "0-1"]
[WhiteTitle "WFM"]
[BlackTitle "WIM"]
[WhiteElo "2100"]
[BlackElo "1863"]
[WhiteFideId "712264"]
[BlackFideId "14312336"]
[EventDate "2021.06.06"]

1. e4 c5 2. Nf3 Nc6 3. Bb5 g6 4. Nc3 Bg7 5. O-O Nh6 6. d3 O-O 7. h3 f6 8. Be3 d6
9. Qd2 Nf7 10. Nh2 a6 11. Bc4 e6 12. f4 b5 13. Bb3 b4 14. Ne2 f5 15. exf5 exf5
16. Nf3 Qe7 17. Ng5 Nd8 18. d4 h6 19. Nxf7 Nxf7 20. dxc5 dxc5 21. Qd5 Bb7 22.
Qd2 Rad8 23. Qc1 Rfe8 24. Kf2 Qe4 25. Rg1 Bd4 26. Bxf7+ Kxf7 27. Nxd4 cxd4 28.
Bd2 Qe2+ 29. Kg3 d3 30. c3 Re4 31. Kh2 Rde8 32. cxb4 Rc8 33. Qd1 Qf2 34. Qb3+
Kg7 35. Bc3+ Kf8 36. Be5 Re2 37. Qe6 Rcc2 38. Qf6+ Ke8 39. Qxg6+ Kf8 40. Qxh6+
Ke8 41. Qg6+ Kd8 42. h4 Qxh4# 0-1

[Event "Women's Speed Chess Q8"]
[Site "chess.com INT"]
[Date "2021.06.06"]
[Round "10"]
[White "Arabidze, Meri"]
[Black "Vantika, Agrawal"]
[Result "1/2-1/2"]
[WhiteTitle "IM"]
[BlackTitle "WIM"]
[WhiteElo "2432"]
[BlackElo "2286"]
[WhiteFideId "13604040"]
[BlackFideId "25050389"]
[EventDate "2021.06.06"]

1. d4 Nf6 2. Nf3 g6 3. g3 Bg7 4. Bg2 O-O 5. O-O d6 6. a4 Na6 7. a5 c5 8. Nc3
cxd4 9. Nxd4 d5 10. Ndb5 e6 11. Be3 b6 12. axb6 axb6 13. Bd4 Bb7 14. Qd2 Ne4 15.
Nxe4 dxe4 16. Qe3 Bxd4 17. Nxd4 Qd5 18. c4 Qxc4 19. Bxe4 Bxe4 20. Qxe4 Rad8 21.
e3 Nc5 22. Qc6 Qd5 23. Qxb6 Rb8 24. Qc7 Rfc8 25. Qe7 e5 26. Ne2 Rxb2 27. Nc3 Qe6
28. Ra7 Qxe7 29. Rxe7 Ne6 30. Ne4 Kf8 31. Ra7 Rc7 32. Ra8+ Kg7 33. Rd1 Rb4 34.
Nd6 Rc2 35. Ne8+ Kh6 36. Nf6 Rbb2 37. Rf1 Kg7 38. Ne8+ Kh6 39. Nf6 Kg7 40. Ne8+
Kh6 41. Nf6 1/2-1/2

[Event "Women's Speed Chess Q8"]
[Site "chess.com INT"]
[Date "2021.06.06"]
[Round "10"]
[White "Belenkaya, Dina"]
[Black "Babiy, Olga"]
[Result "0-1"]
[WhiteTitle "WGM"]
[BlackTitle "WGM"]
[WhiteElo "2341"]
[BlackElo "2280"]
[WhiteFideId "24142654"]
[BlackFideId "14117258"]
[EventDate "2021.06.06"]

1. e4 c5 2. Nc3 e6 3. g3 Nc6 4. Bg2 Nf6 5. d3 a6 6. Nge2 d6 7. O-O Qc7 8. f4 b5
9. Qe1 Bb7 10. Nd1 Nd4 11. Ne3 Be7 12. c3 Nc6 13. Bd2 a5 14. a4 b4 15. g4 Nd7
16. Nc4 Ba6 17. Qg3 Nb6 18. Nxb6 Qxb6 19. e5 d5 20. f5 Bxd3 21. Rae1 c4+ 22. Kh1
O-O-O 23. fxe6 fxe6 24. Rf7 Bxe2 25. Rxe2 Rhg8 26. Be3 Qc7 27. Bc5 Rd7 28. Bxe7
Rxe7 29. Rxe7 Qxe7 30. Qe3 Kb7 31. Rf2 Rf8 32. b3 cxb3 33. c4 Rxf2 34. Qxf2 Qd7
35. cxd5 exd5 36. Qe2 Ne7 37. e6 Qc6 38. h4 Qc1+ 39. Kh2 b2 40. Qb5+ Ka8 41.
Qxa5+ Kb8 42. Qb5+ Kc8 43. Qd7+ Kb8 44. Qd8+ Kb7 45. Qxe7+ Qc7+ 46. Qxc7+ Kxc7
47. e7 Kd7 48. Bxd5 b1=Q 49. Be4 Qxe4 0-1

[Event "Women's Speed Chess Q8"]
[Site "chess.com INT"]
[Date "2021.06.06"]
[Round "10"]
[White "Purtseladze, Maka"]
[Black "Buksa, Nataliya"]
[Result "0-1"]
[WhiteTitle "IM"]
[BlackTitle "IM"]
[WhiteElo "2274"]
[BlackElo "2413"]
[WhiteFideId "13602659"]
[BlackFideId "14123622"]
[EventDate "2021.06.06"]

1. Nf3 d5 2. b3 Nf6 3. Bb2 e6 4. e3 Be7 5. d4 c5 6. Bd3 Nc6 7. Nbd2 b6 8. Ne5
Bb7 9. O-O Nxe5 10. dxe5 Ne4 11. Nxe4 dxe4 12. Bb5+ Kf8 13. Qxd8+ Rxd8 14. Rfd1
Rb8 15. Rd7 a6 16. Be2 h5 17. Rad1 h4 18. h3 Ke8 19. a4 Rh6 20. Rc7 Bd8 21. Rxb7
Rxb7 22. Bxa6 Ra7 23. Bb5+ Ke7 24. Bc6 Rh5 25. Bxe4 Rd7 26. Bd3 Bc7 27. f4 f6
28. exf6+ gxf6 29. Rf1 e5 30. f5 Rg5 31. Bc3 Rd8 32. Kf2 Rdg8 33. Be4 Rd8 34.
Ra1 Kd7 35. a5 bxa5 36. Bxa5 Bxa5 37. Rxa5 Rc8 38. Ra7+ Rc7 39. Ra6 Ke7 40. Re6+
Kf7 41. Rd6 Ke7 42. Rb6 Rg8 43. Kf3 Rg3+ 44. Kf2 Rg8 45. Ra6 Rd8 46. Kf3 Rd2 47.
Kg4 Re2 48. Kf3 Re1 49. Bd5 Rd7 50. Re6+ Kd8 51. c4 Rg7 52. Rxf6 Rg3+ 53. Ke4
Rgxe3# 0-1

[Event "Women's Speed Chess Q8"]
[Site "chess.com INT"]
[Date "2021.06.06"]
[Round "10"]
[White "Antolak, Julia"]
[Black "Varshini, V"]
[Result "1-0"]
[WhiteTitle "WIM"]
[BlackTitle "WGM"]
[WhiteElo "2309"]
[BlackElo "2226"]
[WhiteFideId "1159569"]
[BlackFideId "5091241"]
[EventDate "2021.06.06"]

1. e4 c5 2. Nf3 d6 3. d4 cxd4 4. Nxd4 Nf6 5. Nc3 a6 6. Nb3 e6 7. g4 Be7 8. h4
Nfd7 9. g5 Qc7 10. Be3 b5 11. Bg2 Bb7 12. Qe2 Ne5 13. O-O-O Nc4 14. Kb1 Nd7 15.
f4 Rc8 16. Rd3 Nc5 17. Bxc5 dxc5 18. Nc1 b4 19. Nd1 a5 20. h5 Nd6 21. Rdh3 c4
22. g6 h6 23. gxf7+ Nxf7 24. Qg4 Kf8 25. Rg3 Rg8 26. Qxe6 c3 27. b3 a4 28. e5
Bxg2 29. Rxg2 axb3 30. Qxb3 Ra8 31. Rhg1 Ra3 32. Qd5 Qa7 33. f5 Ra5 34. Qe6 Rxe5
35. Qc8+ Nd8 36. Qc4 Qc5 37. Qb3 Rxf5 38. Re1 Rf7 39. Rge2 Rh8 40. Nd3 Qd6 41.
Ne5 Rf6 42. Ng6+ 1-0

[Event "Women's Speed Chess Q8"]
[Site "chess.com INT"]
[Date "2021.06.06"]
[Round "10"]
[White "Kulkarni, Bhakti"]
[Black "Bodnaruk, Anastasia"]
[Result "1-0"]
[WhiteTitle "IM"]
[BlackTitle "IM"]
[WhiteElo "2391"]
[BlackElo "2446"]
[WhiteFideId "5019516"]
[BlackFideId "4181751"]
[EventDate "2021.06.06"]

1. d4 Nf6 2. Nf3 g6 3. g3 Bg7 4. Bg2 O-O 5. O-O d6 6. b3 c6 7. Bb2 Nbd7 8. c4
Re8 9. Nc3 e5 10. e3 e4 11. Nd2 d5 12. cxd5 cxd5 13. Rc1 a6 14. b4 Nf8 15. Na4
h5 16. Qc2 Ne6 17. Nc5 Ng5 18. h4 Nh3+ 19. Kh1 Rb8 20. a4 g5 21. hxg5 Nh7 22. g6
fxg6 23. f3 Qg5 24. Kh2 h4 25. g4 Nf4 26. exf4 Qxf4+ 27. Kh1 h3 28. Bxh3 Qh6 29.
Kg2 Ng5 30. Rh1 exf3+ 31. Nxf3 Nxf3 32. Kxf3 Qe3+ 33. Kg2 Qe2+ 34. Kg1 Qe3+ 35.
Qf2 Bxd4 36. Bxd4 Qxc1+ 37. Kg2 Qg5 38. Qf3 Be6 39. Nxe6 Rxe6 40. Rf1 Qd2+ 41.
Kg3 Re7 42. Qf6 Qd3+ 43. Kh2 Re2+ 44. Bg2 Rxg2+ 45. Kxg2 Qe4+ 46. Kg3 Qd3+ 47.
Rf3 Qxd4 48. Qxd4 1-0

[Event "Women's Speed Chess Q8"]
[Site "chess.com INT"]
[Date "2021.06.06"]
[Round "10"]
[White "Gaponenko, Inna"]
[Black "Dauletova, Gulmira"]
[Result "0-1"]
[WhiteTitle "IM"]
[BlackTitle "WGM"]
[WhiteElo "2357"]
[BlackElo "2257"]
[WhiteFideId "14101181"]
[BlackFideId "13702971"]
[EventDate "2021.06.06"]

1. e4 e5 2. Nf3 Nc6 3. Bb5 a6 4. Bxc6 dxc6 5. O-O Qf6 6. d4 exd4 7. Bg5 Qd6 8.
Nxd4 f6 9. Bh4 Ne7 10. Bg3 Qd8 11. Nc3 Ng6 12. Nf5 Bxf5 13. exf5 Ne7 14. Qe2 Qd7
15. Rad1 Qxf5 16. Bxc7 Kf7 17. Ne4 Nd5 18. Bg3 Re8 19. Rfe1 h5 20. c4 Bb4 21.
cxd5 cxd5 22. Qc2 Rxe4 23. Rxe4 Qxe4 24. Qxe4 dxe4 25. Rd7+ Kg6 26. Rxb7 Rd8 27.
h4 Bc5 28. b4 Rd1+ 29. Kh2 Bd4 30. Rd7 Rd2 31. a4 Bc3 32. Rxd2 Bxd2 33. b5 axb5
34. axb5 Ba5 35. Bd6 Bb6 36. Kg3 Kf5 37. Bb8 g5 38. hxg5 fxg5 39. f3 e3 40. Bd6
h4+ 41. Kh3 e2 42. Bb4 Bf2 43. Ba5 e1=Q 44. Bxe1 Bxe1 45. b6 Bg3 46. b7 Bb8 47.
g4+ hxg3 48. Kg2 Kf4 0-1

[Event "Women's Speed Chess Q8"]
[Site "chess.com INT"]
[Date "2021.06.06"]
[Round "10"]
[White "Nandhidhaa, P V"]
[Black "Komiagina, Maria"]
[Result "1-0"]
[WhiteTitle "WGM"]
[BlackTitle "WIM"]
[WhiteElo "2365"]
[BlackElo "2241"]
[WhiteFideId "5050847"]
[BlackFideId "4153987"]
[EventDate "2021.06.06"]

1. e4 c5 2. Nf3 Nc6 3. Bb5 e6 4. O-O Nge7 5. Re1 a6 6. Bf1 d5 7. exd5 Nxd5 8. d4
cxd4 9. Nxd4 Be7 10. Nxc6 bxc6 11. c4 Nf6 12. Nc3 O-O 13. Be3 Qc7 14. b3 c5 15.
g3 Bb7 16. Bg2 Rad8 17. Qe2 Bxg2 18. Kxg2 Qe5 19. Na4 Qe4+ 20. Qf3 Qxf3+ 21.
Kxf3 Nd7 22. Rad1 Ne5+ 23. Kg2 Nd3 24. Rf1 e5 25. Nc3 Nb4 26. a3 Nc2 27. Nd5 Bd6
28. Rd2 Nd4 29. b4 f5 30. Bg5 Rc8 31. Be7 Bxe7 32. Nxe7+ Kf7 33. Nxc8 Rxc8 34.
Rb1 cxb4 35. Rxb4 a5 36. Rb7+ Kf6 37. Rb6+ Kf7 38. f4 Rxc4 39. fxe5 Ke7 40. Rd6
Nb5 41. R6d5 Nxa3 42. Rxa5 Nc2 43. Rd6 Rc7 44. Kf3 Ne1+ 45. Kf4 g6 46. Raa6 1-0

[Event "Women's Speed Chess Q8"]
[Site "chess.com INT"]
[Date "2021.06.06"]
[Round "10"]
[White "Tokhirjonova, Gulrukhbegim"]
[Black "Padmini, Rout"]
[Result "1/2-1/2"]
[WhiteTitle "WGM"]
[BlackTitle "IM"]
[WhiteElo "2344"]
[BlackElo "2370"]
[WhiteFideId "14203626"]
[BlackFideId "5029295"]
[EventDate "2021.06.06"]

1. d4 Nf6 2. c4 c5 3. d5 b5 4. cxb5 a6 5. bxa6 Bxa6 6. Nc3 g6 7. Nf3 Bg7 8. e4
Bxf1 9. Kxf1 d6 10. g3 O-O 11. Kg2 Nbd7 12. Re1 Ra6 13. a4 Qa8 14. Bd2 e6 15.
dxe6 fxe6 16. Bf4 d5 17. exd5 exd5 18. Nb5 Rb6 19. Bd6 Rc8 20. Ng5 d4+ 21. Qf3
Qxf3+ 22. Kxf3 Nd5 23. Ne6 Bh8 24. Rac1 d3 25. Rcd1 c4 26. Ba3 Ne5+ 27. Ke4 Nb4
28. Bxb4 Rxe6 29. Kd5 Ra6 30. f4 Nc6 31. Bc3 Rxa4 32. Nd6 Bxc3 33. bxc3 Ra5+ 34.
Ke6 Rc7 35. Nxc4 Re7+ 36. Kd6 Rxe1 37. Rxe1 Ra4 38. Nb6 Re4 39. Rd1 Ne7 40. Rxd3
Nf5+ 41. Kc5 Re2 42. Nd5 Rxh2 43. c4 Rg2 44. Nf6+ Kg7 45. Ne4 Re2 46. Kd5 Ne7+
47. Ke5 Nc6+ 48. Kd5 Ne7+ 49. Kd4 Nf5+ 50. Kd5 Ne7+ 1/2-1/2

[Event "Women's Speed Chess Q8"]
[Site "chess.com INT"]
[Date "2021.06.06"]
[Round "10"]
[White "Dong, Khanh Linh"]
[Black "Klinova, Masha"]
[Result "0-1"]
[WhiteTitle "WCM"]
[BlackTitle "IM"]
[WhiteElo "1970"]
[BlackElo "2275"]
[WhiteFideId "12403040"]
[BlackFideId "2802015"]
[EventDate "2021.06.06"]

1. e4 d6 2. d4 g6 3. Be2 Bg7 4. h4 h5 5. Nf3 a6 6. Nc3 b5 7. a3 Nd7 8. Ng5 Bb7
9. Be3 Ngf6 10. f3 O-O 11. Qd2 c5 12. d5 Ne5 13. Nh3 Bc8 14. Bh6 Bxh3 15. Rxh3
Rb8 16. Bxg7 Kxg7 17. f4 Neg4 18. f5 b4 19. axb4 cxb4 20. Nd1 Nxe4 21. Qd4+ Nef6
22. fxg6 fxg6 23. Rxa6 Qc7 24. Rc6 Qa5 25. Bxg4 hxg4 26. Re3 b3+ 27. c3 Rf7 28.
Rd3 Rh8 29. g3 Rh5 30. Qc4 Re5+ 31. Kd2 Nxd5 32. Qxg4 Nf6 33. Qd4 Ne4+ 34. Ke3
Qa1 35. Rd2 Nxd2+ 36. Kxd2 Qb1 37. Qd3 Qxd3+ 38. Kxd3 Rd5+ 39. Ke2 Re5+ 40. Ne3
Rf6 41. Rb6 Rfe6 42. Rxb3 Rxe3+ 43. Kf2 Re2+ 44. Kf3 R6e3+ 45. Kg4 Rc2 46. Rb7
Ree2 47. Kg5 Re5+ 48. Kg4 Ree2 49. b4 Rxc3 50. b5 Rc4+ 51. Kh3 Rc3 52. b6 Kf6
53. Ra7 Rb2 54. b7 Rcb3 0-1

[Event "Women's Speed Chess Q8"]
[Site "chess.com INT"]
[Date "2021.06.06"]
[Round "10"]
[White "Maltsevskaya, Aleksandra"]
[Black "Bulmaga, Irina"]
[Result "0-1"]
[WhiteTitle "WGM"]
[BlackTitle "IM"]
[WhiteElo "2390"]
[BlackElo "2440"]
[WhiteFideId "24174041"]
[BlackFideId "13903063"]
[EventDate "2021.06.06"]

1. e4 c5 2. Nf3 a6 3. c3 d5 4. exd5 Qxd5 5. d4 Nf6 6. Be2 Nc6 7. O-O cxd4 8.
cxd4 e6 9. Nc3 Qd8 10. a3 Be7 11. Be3 O-O 12. Rc1 Bd7 13. Bd3 Rc8 14. Bb1 Re8
15. Qd3 g6 16. b4 Bf8 17. Rfd1 Ne7 18. Bg5 Bg7 19. Ne5 Bc6 20. Qh3 Bd5 21. Ne2
Nf5 22. Rxc8 Qxc8 23. Bxf6 Bxf6 24. Nxf7 Kxf7 25. Qxh7+ Bg7 26. Nf4 Bb3 27.
Qxg6+ Kf8 28. Re1 Qc3 29. Rf1 Nxd4 30. Qh5 Nf5 31. Ng6+ Kg8 32. g4 Nh6 33. g5
Nf5 34. Bxf5 exf5 35. Nh4 Qe5 36. g6 Bc2 37. Nf3 Qf4 38. Re1 Rxe1+ 39. Nxe1 Qg4+
40. Qxg4 fxg4 41. Kg2 Bxg6 42. Kg3 Bb2 43. Kxg4 Bxa3 44. b5 axb5 45. f4 b4 46.
f5 Bf7 47. Nc2 b3 48. Nxa3 b2 49. Kf4 Ba2 50. Ke3 b1=Q 51. Nxb1 Bxb1 52. f6 Kf7
53. Kd4 Kxf6 54. Kc5 Be4 55. Kd4 Bc6 56. Kc5 Kg5 57. Kd4 Kh4 58. Ke3 Kh3 59. Kd2
Kxh2 0-1

[Event "Women's Speed Chess Q8"]
[Site "chess.com INT"]
[Date "2021.06.06"]
[Round "10"]
[White "Mkrtchian, Lilit"]
[Black "Doluhanova, Evgeniya"]
[Result "1-0"]
[WhiteTitle "IM"]
[BlackTitle "WGM"]
[WhiteElo "2388"]
[BlackElo "2192"]
[WhiteFideId "13300601"]
[BlackFideId "14112035"]
[EventDate "2021.06.06"]

1. e4 e5 2. Nf3 Nc6 3. Bb5 Nf6 4. d3 Bc5 5. c3 O-O 6. O-O d6 7. Bg5 h6 8. Bh4
Bg4 9. Nbd2 g5 10. Bg3 Ne7 11. Qc2 c6 12. Ba4 Ng6 13. d4 exd4 14. cxd4 Bb6 15.
Bb3 d5 16. e5 Nh5 17. Rfe1 Nhf4 18. h3 Be6 19. Nf1 Qd7 20. Ne3 Rac8 21. Rad1 c5
22. Ba4 Qe7 23. Nf5 Bxf5 24. Qxf5 Ba5 25. Re3 Qe6 26. Bd7 Qxf5 27. Bxf5 Rc6 28.
dxc5 Rxc5 29. Nd4 Ne7 30. Bb1 Rfc8 31. Nb3 Rb5 32. a4 Rbc5 33. Nxc5 Rxc5 34.
Bxf4 gxf4 35. Rf3 d4 36. Rxf4 Bb6 37. Rfxd4 Rxe5 38. R4d2 Nf5 39. Bxf5 Rxf5 40.
Kf1 Kg7 41. Re2 Rf4 42. b3 a6 43. Rd3 Bc5 44. Rf3 Rb4 45. g4 b6 46. Kg2 a5 47.
Rd2 Re4 48. Rd7 Re7 49. Rxe7 Bxe7 50. Rc3 Bc5 51. Rc4 Kg6 52. Re4 f6 53. Kf3 h5
54. Kg3 hxg4 55. hxg4 Kg5 56. f4+ Kg6 57. f5+ Kg5 58. Kf3 Bd6 59. Re6 Bc5 60.
Rc6 Bd4 61. Rd6 Bc5 62. Rd8 Bb4 63. Rg8+ Kh6 64. Ke4 Kh7 65. Rg6 Bc3 66. Kd5 Be5
67. Ke6 Bd4 68. Rxf6 Bxf6 69. Kxf6 Kg8 70. g5 Kf8 71. g6 Kg8 72. g7 Kh7 73. Kf7 1-0

[Event "Women's Speed Chess Q8"]
[Site "chess.com INT"]
[Date "2021.06.06"]
[Round "10"]
[White "Sviridova, Vlada"]
[Black "Agrest, Inna"]
[Result "1-0"]
[WhiteTitle "WFM"]
[BlackTitle "WIM"]
[WhiteElo "2144"]
[BlackElo "2285"]
[WhiteFideId "24109606"]
[BlackFideId "1708830"]
[EventDate "2021.06.06"]

1. d4 Nf6 2. c4 g6 3. Nc3 Bg7 4. e4 d6 5. Nf3 O-O 6. Be2 Nbd7 7. O-O e5 8. Qc2
exd4 9. Nxd4 Re8 10. Rd1 c6 11. Be3 Qe7 12. f3 Ne5 13. Qd2 a5 14. Rac1 a4 15.
Bf1 a3 16. b3 h5 17. Qf2 Kh7 18. h3 Ned7 19. Bd3 Nc5 20. Bb1 Kg8 21. Re1 Nfd7
22. Rcd1 Ne5 23. f4 Ned7 24. f5 Ne5 25. Qg3 Bd7 26. Kh1 Rad8 27. b4 Na6 28. b5
Nc5 29. fxg6 fxg6 30. Bg5 Bf6 31. Bxf6 Qxf6 32. Rf1 Qg7 33. bxc6 bxc6 34. Nb3
Be6 35. Qg5 Nxc4 36. Ne2 Nxb3 37. axb3 Ne5 38. Nd4 Bf7 39. Rf6 c5 40. Nb5 Bxb3
41. Rdxd6 Rxd6 42. Nxd6 Re7 43. Nb5 a2 44. Bxa2 Bxa2 45. Nc3 Bc4 46. Nd5 Bxd5
47. exd5 Nf7 48. Qf4 Rd7 49. d6 Qf8 50. Rxg6+ Kh8 51. Rf6 Qg7 52. Qf5 Rd8 53.
Qxh5+ Kg8 54. Rg6 Rxd6 55. Rxg7+ Kxg7 56. Qg4+ Rg6 57. Qc4 Rc6 58. Qc3+ Kf8 59.
Qc4 Kg7 60. g4 Ne5 61. Qd5 Kf6 62. Qd8+ Ke6 63. Qe8+ Kd5 64. Qg8+ Ke4 65. Qh7+
Kd5 66. Qc2 c4 67. Qg2+ Ke6 68. Qc2 c3 69. Kg2 Rc4 70. Kg3 Kd5 71. g5 Kd4 72. h4
Nd3 73. g6 Rc6 74. h5 Rf6 75. g7 1-0

[Event "Women's Speed Chess Q8"]
[Site "chess.com INT"]
[Date "2021.06.06"]
[Round "10"]
[White "Antonova, Nadezhda"]
[Black "Pavlidou, Ekaterini"]
[Result "1-0"]
[WhiteTitle "WFM"]
[BlackTitle "WIM"]
[WhiteElo "1877"]
[BlackElo "2157"]
[WhiteFideId "14700182"]
[BlackFideId "4213262"]
[EventDate "2021.06.06"]

1. d4 Nf6 2. Nf3 c5 3. e3 e6 4. Nbd2 b6 5. Bd3 Bb7 6. O-O Be7 7. c3 cxd4 8. exd4
O-O 9. Qe2 d6 10. Ne4 Nbd7 11. Bf4 Qc7 12. Rfe1 Rad8 13. Rad1 Nd5 14. Bg3 N7f6
15. Nfg5 h6 16. Nxf6+ Bxf6 17. Ne4 Be7 18. Nd2 Qc6 19. Qe4 Nf6 20. Qxc6 Bxc6 21.
Ne4 Nxe4 22. Bxe4 Bxe4 23. Rxe4 Rd7 24. Rde1 Rc8 25. f4 d5 26. R4e2 Rc4 27. f5
Bd6 28. fxe6 fxe6 29. Bxd6 Rxd6 30. Rxe6 Rcc6 31. Re8+ Kh7 32. R8e7 a5 33. R7e5
Rc7 34. Rf5 Rcd7 35. Ree5 b5 36. Kf2 a4 37. a3 Kg6 38. g4 Rd8 39. h4 R8d7 40.
h5+ Kh7 41. Kg3 Rd8 42. Kf4 R8d7 43. g5 hxg5+ 44. Kxg5 Rd8 45. Re7 Rg8 46. Rb7
Re6 47. Rxb5 Re2 48. Rfxd5 Rf8 49. Rf5 Rg2+ 50. Kh4 Re8 51. Rf4 Re1 52. Kh3 Rd2
53. Kg4 Rg1+ 54. Kf5 Rdg2 55. Ke6 Re2+ 56. Kd5 Rge1 57. Kc4 Re8 58. Kb4 Rc8 59.
Kxa4 Ra8+ 60. Kb3 Rb1 61. Rb7 Re8 62. Rff7 Re2 63. Rxg7+ Kh6 64. Rh7+ Kg5 65.
Kc4 Kf4 66. h6 Ke4 67. Rhe7+ Kf3 68. Rxe2 Kxe2 69. h7 Rh1 70. a4 Rh6 71. a5 Rc6+
72. Kd5 Rh6 73. b4 Rh5+ 74. Kc4 Kd2 75. b5 Rh3 76. a6 Rxc3+ 77. Kd5 Kc2 78. a7
Rh3 79. a8=Q Rh5+ 80. Kc4 Rh3 81. Qa2+ Kd1 82. Qb1+ Ke2 83. Re7+ Kf2 84. Qe1+
Kg2 85. Rg7+ Kf3 86. Qc3+ Kf4 87. Qxh3 Ke4 88. Qg4+ Ke3 89. Qg3+ Kd2 90. Qf2+
Kd1 91. Rg1# 1-0